Les 20 plus grandes villes du Val-de-Marne sur une carte - Statistiques

Statistiques générales
  • Ce quiz a été pris 193 fois
  • Le résultat moyen est 13 sur 20
Réponses sur la Carte
Les réponses sont colorées sur une échelle allant du rouge au vert en fonction du pourcentage des utilisateurs qui les ont devinées à leur premier essai. Vous pouvez retrouver ces pourcentages ci-dessous.
 
Statistiques - réponses
Commune Population % Correct
Créteil 92 859
98%
Ivry-sur-Seine 64 526
90%
Vitry-sur-Seine 95 282
88%
Vincennes 48 368
82%
Champigny-sur-Marne 78 367
79%
Saint-Maur-des-Fossés 76 010
78%
Alfortville 45 569
73%
Villejuif 58 142
69%
Choisy-le-Roi 46 122
64%
Maisons-Alfort 57 422
64%
Nogent-sur-Marne 32 998
64%
Fontenay-sous-Bois 52 646
63%
Charenton-le-Pont 28 756
62%
Cachan 30 526
57%
L'Haÿ-les-Roses 31 338
57%
Thiais 32 006
57%
Le Perreux-sur-Marne 34 654
50%
Fresnes 29 298
48%
Villiers-sur-Marne 32 547
48%
Villeneuve-Saint-Georges 36 170
45%
Aucun quiz correspondant
Distribution des résultats
% des personnes avec chaque résultat
Percentile par nombre de réponses
Votre historique - résultats
Vous n’avez pas pris ce quiz